| 000 | 00509nam a2200169 i 4500 | ||
|---|---|---|---|
| 001 | 92548 | ||
| 003 | ES-MaACL | ||
| 005 | 20230906181010.0 | ||
| 007 | t| | ||
| 008 | 050310s1963 sp ||||1| spa d | ||
| 100 | 1 |
_aLips, A. C. M. _972510 |
|
| 245 | 1 | 0 |
_aUna sola carne (La armonía conyugal) / _cA. C. M. Lips; [versión del francés por Alfredo M. Oltra]. |
| 260 |
_aAlcoy : _bMarfil, _c1963. |
||
| 300 |
_a190 p. ; _c18 cm. |
||
| 700 | 1 |
_aOltra, Alfredo M. _987020 |
|
| 852 |
_aES-MaACL _jC-24391 _bR.51829 |
||
| 999 |
_c92548 _d92548 |
||